Statystyki dla Piłka nożna quiz #5 - Herby piłkarskie [poziom średni]

Kliknij tutaj aby rozwiązać quiz!

Ogólne statystyki

  • Ten quiz został rozwiązany 349 razy
  • Średni wynik to 14 z 16

Statystyki odpowiedzi

Odpowiedź% Poprawnych
Wisła Kraków
99%
FC Porto
95%
Valencia CF
94%
Sevilla FC
92%
Villarreal
92%
Real Sociedad
91%
Real Betis
90%
SL Benfica
89%
VfL Wolfsburg
87%
Genoa CFC
86%
Eintracht Frankfurt
85%
FSV Mainz 05
85%
Borussia Mönchengladbach
81%
Szachtar Donieck
80%
UC Sampdoria
80%
Amica Wronki
66%

Rozkład punktacji

Percentyl według liczby udzielonych odpowiedzi

Procent ludzi z każdym wynikiem

Twoja historia wyników

Nie rozwiązałeś tego quizu